000 00709nam a22002537a 4500
999 _c309344
_d309344
001 23102
003 UA-OsUOA
005 20230504161210.0
007 ta
008 20040112b un ||||| |||| 00| 0 ukr d
040 _aUA-OsUOA
_brus
_cUA-OsUOA
_dUA-OsUOA
041 _arus
044 _aRU
080 _a272
090 _a272
_bГ83
100 _aГригулевич И. Р.
245 _aИнквизиция
260 _aМосква
_bПолитиздат
_c1985
300 _a448 с.
650 7 _a27 Загальна історія Християнської церкви
_2UDC
942 _cBK
_2udc
955 _a1